Cargando...

Qur`aan Malayalasaram /

Detalles Bibliográficos
Autor principal: Salim V.S
Otros Autores: Muhammad Kunju Pulavath
Formato: Printed Book
Publicado: 1998.
Edición:1st ed.
LEADER 00528nam a2200157Ia 4500
008 150527150527b xxu||||| |||| 00| 0 eng d
082 |a 227.34 
100 |a Salim V.S. 
245 |c by Salim V.S. and Muhammad Kunju Pulavath  |a Qur`aan Malayalasaram / 
250 |a 1st ed. 
260 |c 1998. 
300 |a 869 p. 
700 |a Muhammad Kunju Pulavath 
942 |c BK 
999 |c 170984  |d 170984 
952 |0 0  |1 0  |4 0  |6 227_340000000000000_SAL_Q  |7 0  |9 189635  |a ARA  |b ARA  |c ST1  |d 2015-05-27  |i 5653  |l 0  |o 227.34 SAL/Q  |p ARA005653  |r 2015-05-27  |w 2015-05-27  |y BK